MARC детайли
| 000 -Лидер |
| Контролно поле с фиксирана дължина |
02576nam a2200445 c 4500 |
| 003 - Код на организацията, давaща контролен номер |
| Контролно поле |
BLK |
| 005 - Дата и час на последна редакция |
| Контролно поле |
20220216160932.0 |
| 008 - Елементи от данни с фиксирана дължина |
| fixed length control field |
180412b bul|||||r ||||||| ||bul|| |
| 010 ## - Наследен системен номер |
| LC control number |
KNG00001492000 |
| 020 ## - Международен стандартен номер на книга ISBN |
| Международен стандартен номер на книга ISBN |
954-07-0230-5 |
| 040 ## - Източник на каталожния запис |
| Идентификатор на билиотеката - собственик на записа |
BLK |
| 041 ## - Код за език |
| Код за езика на текст/звукозапис или на отделно заглавие |
Български |
| Код за езика КДБФ |
Български |
| 072 #7 - Код за тематичната категория |
| Код организация |
bullib |
| Код за тематична категория |
К |
| Текст |
Краезнание |
| 080 ## - УДК |
| Текстов определител УДК |
Възстановяване и развитие на България след Освобождението (1878-1900) |
| УДК код - определител по УДК |
94(497.2)"1878/1900" |
| УДК определител |
(093.2) |
| УДК - код + определител |
94(497.2)"1878/1900"(093.2) |
| 080 ## - УДК |
| Текстов определител УДК |
История на Австрия и Австро-Унгария |
| УДК код - определител по УДК |
943.6 |
| УДК определител |
(093.2) |
| УДК - код + определител |
943.6(093.2) |
| 080 ## - УДК |
| Текстов определител УДК |
Международни политически отношения. Световна политика. Международна политика. Дипломация |
| УДК код - определител по УДК |
327 |
| УДК определител |
(497.2:436)(091)(093.2) |
| УДК - код + определител |
327(497.2:436)(091)(093.2) |
| 139 ## - Редно поле |
| Редна дума |
България в австро-унгарските дипломатически документи 1879-1885 |
| Авторски знак |
Бъл - Б 92 |
| 245 10 - Сведения за заглавието |
| Заглавие |
България в австро-унгарските дипломатически документи 1879-1885 |
| Подзаглавни данни |
Сборник : Т. 1 - |
| Том |
Т. 1 |
| 257 ## - Страна на издаване |
| Страна на създаване/издаване |
България |
| 260 ## - Област на издателските данни |
| Година на издаване |
1993 |
| 300 ## - Физическа характеристика |
| Размери/Мащаб |
24 см |
| 380 ## - Жанр |
| Жанр |
История |
| 500 ## - Общи забележки |
| Забележка |
Други ред.: Е. Стателова, Р. Попов ; Други състав.: М. Донева, Е. Петрова, Е. Бояджиева. |
| 650 #4 - Допълнително описание по предмет – тема |
| Основно описание – тема или топоним |
България - история, нова - извори, австроунгарски |
| 9 (RLIN) |
243127 |
| 650 #4 - Допълнително описание по предмет – тема |
| Основно описание – тема или топоним |
Австро-Унгария - история |
| 9 (RLIN) |
243128 |
| 650 #4 - Допълнително описание по предмет – тема |
| Основно описание – тема или топоним |
Българо-австроунгарски политически отношения - извори |
| 9 (RLIN) |
243129 |
| 650 #4 - Допълнително описание по предмет – тема |
| Основно описание – тема или топоним |
Австроунгарско-български политически отношения - извори |
| 9 (RLIN) |
243130 |
| 651 #4 - Допълнително описание по предмет - топоним |
| Географско понятие |
България |
| 9 (RLIN) |
241624 |
| 651 #4 - Допълнително описание по предмет - топоним |
| Географско понятие |
Австро-Унгария |
| 9 (RLIN) |
178510 |
| 653 ## - Ключова дума – ненормативна |
| Ключова дума |
документи |
| 653 ## - Ключова дума – ненормативна |
| Ключова дума |
българска история |
| 653 ## - Ключова дума – ненормативна |
| Ключова дума |
Австро-Унгария |
| 659 ## - Тематичен бюлетин |
| Тематичен бюлетин |
К |
| 760 1# - Описание на основната серия |
| Място на издаване, издател и година |
Унив. изд. Св. Климент Охридски, 1993 |
| Страници - том |
557 с. : с табл. : с табл. ; 24 см |
| Забележка - том |
Съдържа: Именен показалец ; Географски показалец. |
| Заглавие |
Т. 1 |
| 852 ## - Местоположение |
| Форматна сигнатура |
Цб 177348 |
| 852 ## - Местоположение |
| Форматна сигнатура |
К 94(497.2)"1878..."/Б 92 |
| 856 4# - Електронен адрес и достъп |
| Електронен формат |
pdf - файл |
| Път до файла /url/ |
|
| 856 4# - Електронен адрес и достъп |
| Електронен формат |
pdf - файл |
| Път до файла /url/ |
|
| 999 ## - СИСТЕМНИ КОНТРОЛНИ НОМЕРА |
| Koha biblionumber |
849 |
| Koha biblioitemnumber |
849 |
| 942 ## - АРТИКУЛИ |
| Вид на библиотечния материал |
Книги |
| Скрит в OPAC |
Не |
| Периодичен библиозапис |
Да |
| 944 ## - СЪЗДАВАНЕ И РЕДАКЦИЯ на ЗАПИСА |
| Създаване/Редакция |
Създаване |
| Дата на регистрацията/редакция |
10.04.2003 |
| Служител, извършил регистрацията/редакцията |
Валя_Йорданова |
| 944 ## - СЪЗДАВАНЕ И РЕДАКЦИЯ на ЗАПИСА |
| Създаване/Редакция |
Редакция |
| Дата на регистрацията/редакция |
13.12.2014 |
| Служител, извършил регистрацията/редакцията |
Милена_Ачева |
| 999 ## - СИСТЕМНИ КОНТРОЛНИ НОМЕРА |
| Koha biblioitemnumber |
849 |